000
00200nam a22000857a 4500
999
_c
4804
_d
4804
008
250324b ||||| |||| 00| 0 eng d
082
_a
FIC AST
245
_a
GRANDPA PIG'S COMPUTER
_b
PEPPA PIG
942
_2
ddc